Indian mujahideen and simi : (Record no. 147007)

MARC details
000 -LEADER
fixed length control field 00641nam a22001937a 4500
005 - DATE AND TIME OF LATEST TRANSACTION
control field 20171031113449.0
010 ## - LCCN (DPL NO)
LC control number ENG-121107
020 ## - INTERNATIONAL STANDARD BOOK NUMBER
Terms of availability 795.00
International Standard Book Number 9788191060799
035 ## - SYSTEM CONTROL NUMBER
System control number EN-104639
037 ## - SOURCE OF ACQUISITION
Source of stock number/acquisition DBAD/PUB
082 ## - DEWEY DECIMAL CLASSIFICATION NUMBER
Classification number 305.2350954
100 ## - MAIN ENTRY--PERSONAL NAME
Personal name Uday Kumar
245 ## - TITLE STATEMENT
Title Indian mujahideen and simi :
Statement of responsibility, etc by Uday Kumar
Remainder of title a fact profile of home grown jehadi terrorist /
260 ## - PUBLICATION, DISTRIBUTION, ETC. (IMPRINT)
Place of publication, distribution, etc New Delhi
Name of publisher, distributor, etc Lucky international
Date of publication, distribution, etc 2013
270 ## - ADDRESS
Address G-68-B, Basement, Kalkaji,
City New Delhi
Postal code 110019
300 ## - PHYSICAL DESCRIPTION
Extent 223p.
Dimensions 23cm(Hb)
Other physical details ill.
500 ## - GENERAL NOTE
General note Includes bibliographical references
942 ## - ADDED ENTRY ELEMENTS (KOHA)
Source of classification or shelving scheme Dewey Decimal Classification
Item type English Books
Classification part 305.2350954
Call number suffix UDA
Holdings
Withdrawn status Lost status Not for loan Collection code Home library Current library Date acquired Source of acquisition Cost, normal purchase price Full call number Barcode Copy number Cost, replacement price Koha item type
      Non-fiction Shahdara Branch Shahdara Branch 31/10/2017 DBAD/PUB 795.00 305.2350954 UDA EN-104639 1 795.00 English Books

© Delhi Public Library
Hit Counter
free hit counter